|
|
|
|
| LEADER |
00000naa2a2200000 4500 |
| 001 |
624207 |
| 005 |
20231101133312.0 |
| 035 |
|
|
|a (RuTPU)RU\TPU\conf\23420
|
| 035 |
|
|
|a RU\TPU\conf\23419
|
| 090 |
|
|
|a 624207
|
| 100 |
|
|
|a 20171103d2017 k y0rusy50 ba
|
| 101 |
0 |
|
|a eng
|
| 102 |
|
|
|a RU
|
| 105 |
|
|
|a y z 101zy
|
| 135 |
|
|
|a drcn ---uucaa
|
| 181 |
|
0 |
|a i
|
| 182 |
|
0 |
|a b
|
| 200 |
1 |
|
|a Internationalization as a trend of Russian higher education system
|f V. M. Pukhova
|
| 203 |
|
|
|a Текст
|c электронный
|
| 225 |
1 |
|
|a Социокультурная и языковая адаптация иностранных студентов в образовательной среде университета
|
| 230 |
|
|
|a 1 компьютерный файл (pdf; 170 Kb)
|
| 300 |
|
|
|a Заглавие с титульного экрана
|
| 320 |
|
|
|a [Библиогр.: с. 122 (1 назв.)]
|
| 330 |
|
|
|a Internationalization and globalization processes are the main factors that define the modern evolution of higher education system in Russia and in the world. The article considers advantages and obstacles of internationalization process in Russia, and shows on an example of ETU "LETI", that one of the key components to accelerate the internationalization process could be development and launch of Master's degree programs in English.
|
| 463 |
|
1 |
|0 (RuTPU)RU\TPU\conf\23363
|t Профессиональная подготовка студентов технического вуза на иностранном языке: эксклюзивные компетенции преподавателя
|o сборник материалов Всероссийской научной конференции, 20-22 апреля 2017 г., Томск
|f Национальный исследовательский Томский политехнический университет (ТПУ), Институт развития стратегического партнерства и компетенций (ИСПК) ; под ред. И. В. Слесаренко [и др.]
|v [С. 120-122]
|d 2017
|
| 610 |
1 |
|
|a труды учёных ТПУ
|
| 610 |
1 |
|
|a электронные ресурсы
|
| 610 |
1 |
|
|a internationalization
|
| 610 |
1 |
|
|a globalization
|
| 610 |
1 |
|
|a education
|
| 610 |
1 |
|
|a интернационализация
|
| 610 |
1 |
|
|a глобализация
|
| 610 |
1 |
|
|a образование
|
| 610 |
1 |
|
|a английский язык
|
| 700 |
|
1 |
|a Pukhova
|b V. M.
|
| 801 |
|
2 |
|a RU
|b 63413507
|c 20171110
|g RCR
|
| 856 |
4 |
|
|u http://earchive.tpu.ru/handle/11683/43904
|
| 942 |
|
|
|c BK
|